Cena v podmienkach intenzifikácie ekonomiky s osobitným zreteľom na podstatu a funkciu zisku celoštátny seminár

Salvato in:
Dettagli Bibliografici
Natura: Libro
Lingua:slovacco
Pubblicazione: Bratislava Dom techn. ČSVTS 1983
Tags: Aggiungi Tag
Nessun Tag, puoi essere il primo ad aggiungerne!!

MARC

LEADER 00000nam a2200000 4500
001 c133127
005 20041019155257.2
041 0 |a slo 
044 |a SK 
245 1 0 |a Cena v podmienkach intenzifikácie ekonomiky s osobitným zreteľom na podstatu a funkciu zisku  |b celoštátny seminár 
264 1 |a Bratislava  |b Dom techn. ČSVTS  |c 1983 
300 |a 164 s.